[Event "Tourn. n7893"]
[Site "www.chess-mail.com"]
[Date "2015.07.20"]
[Round "1"]
[White "Glenno"]
[Black "Leswamp"]
[WhiteElo "2350"]
[BlackElo "2440"]
[Result "1-0"]
[Round "1"]
1.e4 c5
2.Ng1f3 e6
3.d4 cxd4
4.Nf3xd4 a6
5.Nb1c3 Qd8c7
6.Bf1d3 Nb8c6
7.Bc1e3 Ng8f6
8.O-O Bf8d6
9.h3 Bd6f4
10.Qd1d2 Bf4xe3
11.Qd2xe3 Qc7b6
12.Nd4f5 Qb6xe3
13.Nf5xe3 b5
14.f4 d6
15.a3 Bc8b7
16.g4 h6
17.Nc3e2 Ke7
18.b4 g5
19.f5 Nc6e5
20.Ne2g3 Ra8c8
21.fxe6 fxe6
22.Rf1f2 Ne5g6
23.Ne3g2 Rh8f8
24.a4 Ng6e5
25.axb5 Ne5xd3
26.cxd3 axb5
27.Ng3e2 Rc8a8
28.Ra1c1 Ra8c8
29.Rc1xc8 Rf8xc8
30.Ne2d4 Bb7c6
31.Rf2c2 Kd7
32.Ng2e3 Nf6g8
33.Rc2a2 Rc8c7
34.Ra2f2 Ke7
35.Rf2f8 Kxf8
36.Nd4xe6 Ke7
37.Ne6xc7 Ng8f6
38.Nc7d5 Nf6xd5
39.exd5 Bc6d7
40.d4 Kf6
41.Kh2 Bd7c8
42.Kg2 Bc8d7
43.Kf2 Bd7c8
44.Kf1 Bc8d7
45.Kg1 Bd7c8
46.Kf2 Bc8d7
47.Kg3 Bd7c8
48.h4 gxh4
49.Kxh4 Kg6
50.Ne3d1 Bc8d7
51.Nd1c3 Kf6
52.Nc3e4 Ke7
53.Kh5 Bd7c8
54.Ne4c3 Bc8d7
55.Kxh6 Bd7xg4
56.Nc3xb5 Bg4c8
57.Kh5 Bc8a6
58.Nb5c3 Ba6d3
59.Kh6 Kf6
60.b5 Ke7
61.b6 Bd3a6
62.Kg5 Ba6b7
63.Kg4 Bb7c8
64.Kh5 Bc8b7
65.Kg5 Kd7
66.Kg4 Ke7
67.Kf5 Bb7c8
68.Ke4  { time }
1-0

[Event "Tourn. n8296"]
[Site "www.chess-mail.com"]
[Date "2015.07.20"]
[Round "1"]
[White "Culiflori"]
[Black "Bjonil60"]
[WhiteElo "999"]
[BlackElo "1280"]
[Result "1-0"]
[Round "1"]
1.e4 Nb8c6
2.Ng1f3 e5
3.Bf1b5 a6
4.Bb5a4 b5
5.Ba4b3 f6
6.d4 d6
7.dxe5 fxe5
8.Nb1c3 Ng8f6
9.O-O g6
10.Bc1g5 Bf8e7
11.Rf1e1 Nf6g8
12.Bg5xe7 Qd8xe7
13.Nc3d5 Qe7f8
14.Nd5xc7 Kd8
15.Nc7xa8 Bc8b7
16.Na8b6 Kc7
17.Nb6d5 Kb8
18.a4 b4
19.Qd1d2 a5
20.Ra1d1 Ng8e7
21.Nd5xe7 Nc6xe7
22.Qd2xd6 Kc8
23.Bb3e6 
1-0

[Event "Tourn. n8297"]
[Site "www.chess-mail.com"]
[Date "2015.07.20"]
[Round "1"]
[White "Pinehill"]
[Black "Bojan"]
[WhiteElo "1820"]
[BlackElo "1890"]
[Result "1-0"]
[Round "1"]
1.e4 e5
2.d4 exd4
3.c3 dxc3
4.Bf1c4 cxb2
5.Bc1xb2 Qd8g5
6.Ng1f3 Qg5a5
7.Nb1d2 f6
8.O-O Nb8c6
9.e5 Bf8e7
10.Bc4xg8 Rh8xg8
11.exf6 gxf6
12.Rf1e1 Qa5f5
13.Qd1b3 d5
14.Bb2a3 Rg8g7
15.Qb3a4 Bc8d7
16.Qa4b3 b6
17.Ra1c1 O-O-O
18.Ba3xe7 Nc6xe7
19.Nf3h4 Qf5g5
20.Nd2f3 Qg5h5
21.Qb3a3 Kb8
22.Re1xe7 Rg7xe7
23.Qa3xe7 Kc8
24.Qe7xf6 Rd8g8
25.Qf6f4 c6
26.Qf4d6 Qh5e8
27.Qd6xd5 Kb7
28.Qd5d3 Rg8g7
29.Nh4f5 Qe8g6
30.Nf5d6 Kc7
31.Qd3xg6 { resign }
1-0

[Event "Tourn. n8287"]
[Site "www.chess-mail.com"]
[Date "2015.07.20"]
[Round "1"]
[White "Szustan"]
[Black "Woodpusher2"]
[WhiteElo "2620"]
[BlackElo "2610"]
[Result "1-0"]
[Round "1"]
1.e4 c5
2.c3 e6
3.d4 d5
4.e5 Nb8c6
5.Ng1f3 Qd8b6
6.a3 Ng8h6
7.b4 cxd4
8.cxd4 Nh6f5
9.Bc1e3 g6
10.Nb1c3 Nf5xe3
11.fxe3 Bf8h6
12.Qd1d3 Bc8d7
13.Bf1e2 Nc6e7
14.O-O O-O
15.Nc3d1  { time }
1-0

[Event "Tourn. n8154"]
[Site "www.chess-mail.com"]
[Date "2015.07.20"]
[Round "1"]
[White "Hrob71"]
[Black "Difficult"]
[WhiteElo "2050"]
[BlackElo "2060"]
[Result "1-0"]
[Round "1"]
1.e4 e5
2.Ng1f3 Ng8f6
3.d4 Nf6xe4
4.Bf1d3 d5
5.Nf3xe5 Bf8d6
6.O-O O-O
7.c4 Bd6xe5
8.dxe5 Nb8c6
9.cxd5 Qd8xd5
10.Qd1e2 Ne4c5
11.Bd3c2 Nc6d4
12.Bc2xh7 Kxh7
13.Qe2h5 Kg8
14.Nb1c3 Qd5c6
15.Bc1e3 Nd4f5
16.Be3xc5 Qc6xc5
17.g4 Nf5h6
18.h3 c6
19.Nc3e4 Qc5d4
20.Ne4f6 gxf6
21.Qh5xh6 Qd4xe5
22.f4 Qe5e3
23.Kg2  { time }
1-0

[Event "Tourn. n8153"]
[Site "www.chess-mail.com"]
[Date "2015.07.20"]
[Round "1"]
[White "Gilliere"]
[Black "Anja"]
[WhiteElo "1840"]
[BlackElo "1680"]
[Result "0-1"]
[Round "1"]
1.e4 Ng8f6
2.Nb1c3 d5
3.e5 d4
4.exf6 dxc3
5.fxg7 cxd2
6.Qd1xd2 Qd8xd2
7.Bc1xd2 Bf8xg7
8.O-O-O Bc8g4
9.f3 Bg4f5
10.g4 Bf5g6
11.Bf1b5 c6
12.Bb5a4 Nb8d7
13.Ng1e2 O-O-O
14.Ba4b3 Nd7e5
15.Rh1f1 h5
16.h3 hxg4
17.hxg4 Rh8h3
18.Ne2g1 Rh3h2
19.Bd2f4 Rd8xd1
20.Rf1xd1 Rh2f2
21.Bf4xe5 Bg7xe5
22.Kb1 Be5h2
23.a3 Bh2xg1
24.Rd1xg1 Rf2xf3
25.g5 Rf3xb3
26.Ka2 Rb3b5
27.c4 Rb5c5
28.b3 e5
29.Kb2 e4
30.Kc3 Rc5e5
31.a4 e3
32.b4 e2
33.Rg1e1 Bg6h5
34.Kd3 Re5xg5
35.Re1xe2 Bh5xe2
{ resign }
0-1

[Event "Tourn. n8061"]
[Site "www.chess-mail.com"]
[Date "2015.07.20"]
[Round "1"]
[White "Aperturaf"]
[Black "Seger"]
[WhiteElo "2300"]
[BlackElo "2640"]
[Result "0-1"]
[Round "1"]
1.e4 c5
2.Ng1f3 d6
3.d4 cxd4
4.Qd1xd4 Nb8c6
5.Bf1b5 Bc8d7
6.Bb5xc6 Bd7xc6
7.c4 Ng8f6
8.Nb1c3 g6
9.O-O Bf8g7
10.Qd4d3 O-O
11.Nf3d4 Qd8b6
12.Rf1d1 Nf6g4
13.Qd3d2 Ra8c8
14.b3 Rf8e8
15.Bc1b2 Qb6a5
16.Nc3d5 Qa5xd2
17.Rd1xd2 Ng4e5
18.Ra1e1 Ne5d7
19.Rd2d1 a6
20.Re1e2 a5
21.f3 a4
22.Bb2c3 h5
23.Re2e3 axb3
24.axb3 Bc6xd5
25.exd5 Bg7xd4
26.Rd1xd4 b5
27.cxb5 Kf8
28.Bc3e1 Rc8c5
29.b4 Rc5xb5
30.Re3a3 Re8c8
31.Kf2 Nd7e5
32.Ra3a5 Rb5b8
33.Ra5a7 Rc8c2
34.Kg3 g5
35.h4 g4
36.f4 Ne5g6
37.Be1d2 f5
38.Rd4d3 Rc2b2
39.Ra7a1 Rb8c8
40.Rd3c3 Rc8xc3
41.Bd2xc3 Rb2b3
42.Ra1c1 Kf7
43.Rc1c2 e6
44.dxe6 Kxe6
45.Rc2c1 Kd5
46.Kh2 Ng6xf4
47.Rc1d1 Ke6
48.Rd1e1 Kf7
49.Bc3d2 Nf4d3
50.Re1d1 Ke6
51.g3 { time. }
0-1

[Event "Tourn. n8206"]
[Site "www.chess-mail.com"]
[Date "2015.07.20"]
[Round "1"]
[White "Anja"]
[Black "Chessexpert"]
[WhiteElo "1710"]
[BlackElo "1580"]
[Result "1-0"]
[Round "1"]
1.d4 g6
2.Ng1f3 Bf8g7
3.Bc1f4 d6
4.c4 Ng8f6
5.Nb1c3 O-O
6.h3 c6
7.e4 a6
8.Qd1d2 b5
9.Ra1c1 Bc8b7
10.Bf1e2 b4
11.Nc3b1 a5
12.O-O  { time }
1-0

[Event "Tourn. n8187"]
[Site "www.chess-mail.com"]
[Date "2015.07.20"]
[Round "1"]
[White "Maxlou"]
[Black "Flick"]
[WhiteElo "1670"]
[BlackElo "1600"]
[Result "0-1"]
[Round "1"]
1.d4 Ng8f6
2.Ng1f3 e6
3.Bc1f4 Nb8c6
4.e3 b6
5.Nb1c3 Bf8b4
6.Bf1d3 Bb4xc3
7.bxc3 Bc8b7
8.e4 d6
9.Qd1e2 Nc6e7
10.Bf4g5 O-O
11.Bg5xf6 gxf6
12.O-O e5
13.Nf3h4 Bb7c8
14.g3 Ne7g6
15.Nh4f5 Bc8xf5
16.exf5 Ng6e7
17.Rf1e1 Kh8
18.Qe2h5 Qd8e8
19.Qh5h4 Ne7g8
20.dxe5 dxe5
21.Re1e4 Ra8d8
22.Ra1e1 Qe8c6
 { time }
0-1

[Event "Tourn. n8187"]
[Site "www.chess-mail.com"]
[Date "2015.07.20"]
[Round "1"]
[White "Azulmarino"]
[Black "Flick"]
[WhiteElo "1570"]
[BlackElo "1600"]
[Result "0-1"]
[Round "1"]
1.e4 e5
2.Ng1f3 Nb8c6
3.Bf1c4 Ng8f6
4.d3 Bf8e7
5.Bc1g5 b6
6.d4 Nf6xe4
7.d5 Ne4xg5
8.Nf3xg5 Be7xg5
9.Qd1f3 Nc6d4
10.Qf3e4 d6
11.c3 Bc8f5
12.Bc4b5 Nd4xb5
13.Qe4a4 Bf5d7
14.O-O Nb5xc3
15.Qa4c2 Nc3xd5
16.Nb1a3 O-O
17.Na3b1 Qd8c8
18.Nb1d2 Bd7f5
19.Qc2d1 Bf5g4
20.f3 Bg4h5
21.Nd2e4 Nd5e3
22.Qd1d3 Ne3xf1
23.Ne4xg5 Bh5g6
24.Qd3xf1 d5
25.Qf1e2 Rf8e8
26.Ra1d1 f6
27.Ng5h3 c6
28.Nh3f2 e4
29.Qe2e3 Re8e5
30.Nf2g4 Re5g5
31.h4 Rg5f5
32.g3 Rf5xf3
33.Qe3a3 Rf3xa3
{ resign }
0-1

[Event "Tourn. n8191"]
[Site "www.chess-mail.com"]
[Date "2015.07.20"]
[Round "1"]
[White "Flick"]
[Black "Anja"]
[WhiteElo "1600"]
[BlackElo "1670"]
[Result "0-1"]
[Round "1"]
1.e4 Ng8f6
2.Nb1c3 d5
3.exd5 Nf6xd5
4.Qd1f3 e6
5.d4 Nb8c6
6.Bf1b5 Bf8b4
7.Bb5xc6 bxc6
8.Ng1h3 Bc8a6
9.Nh3g5 O-O
10.Qf3g3 Qd8f6
11.Qg3h4 h6
12.Bc1d2 Nd5xc3
13.bxc3 Bb4e7
14.f4 hxg5
15.fxg5 Qf6f5
16.g4 Qf5e4
17.Kd1 Qe4e2
18.Kc1 Be7a3
19.Kb1 Ra8b8

0-1

[Event "Tourn. n8148"]
[Site "www.chess-mail.com"]
[Date "2015.07.20"]
[Round "1"]
[White "Spitzer"]
[Black "Passaroa25"]
[WhiteElo "1590"]
[BlackElo "1540"]
[Result "0-1"]
[Round "1"]
1.e4 c6
2.d4 d6
3.Ng1f3 h6
4.Nb1c3 Bc8g4
5.Bf1d3 Bg4h5
6.Bc1e3 f6
7.O-O Bh5f7
8.Qd1d2 Nb8d7
9.Nc3e2 e5
10.dxe5 Nd7xe5
11.Nf3xe5 dxe5
12.c4 Ng8e7
13.b4 Ne7g6
14.g3 Bf8d6
15.c5 Bd6c7
16.b5 O-O
17.a4 Bc7a5
18.Qd2c2 Bf7e8
19.Bd3c4 Be8f7
20.Kh1 Ng6h8
21.g4 Bf7xc4
22.Qc2xc4 Nh8f7
23.h4 Ra8c8
24.Ne2g3 g6
25.Be3xh6 Qd8d4
26.Qc4c2 Nf7xh6
27.Ra1d1 Qd4b4
28.f3 cxb5
29.axb5 Rc8xc5
30.Qc2a2 Nh6f7
31.Rd1d5 Qb4xb5
32.Rf1d1 Rf8d8
33.Rd5xd8 Ba5xd8
34.Rd1xd8 Kg7
35.Rd8d7 Qb5xd7
36.Qa2xa7 Rc5c1
37.Kh2 Qd7d2
38.Kh3 b5
{ resign }
0-1

[Event "Tourn. n8268"]
[Site "www.chess-mail.com"]
[Date "2015.07.20"]
[Round "1"]
[White "Bojan"]
[Black "Caspito"]
[WhiteElo "1890"]
[BlackElo "1760"]
[Result "1-0"]
[Round "1"]
1.e4 e5
2.Ng1f3 Nb8c6
3.d4 d5
4.Nf3xe5 Nc6xe5
5.dxe5 c6
6.exd5 Bf8c5
7.d6 Qd8h4
8.g3 Qh4e4
9.Qd1e2 Qe4xh1
10.f3 Qh1g1
11.c3 Bc8h3
12.Nb1d2 Ng8h6
13.Nd2e4 Bc5b6
14.Bc1xh6 gxh6
15.Kd2 O-O-O
16.Bf1xh3 Kb8
17.Ra1xg1 Bb6xg1
18.f4 Rh8g8
19.Ne4f6 Rg8g7
20.Bh3f5 Bg1b6
21.Qe2h5 Rd8h8
22.Qh5xh6 { resign }
1-0

[Event "Tourn. n8187"]
[Site "www.chess-mail.com"]
[Date "2015.07.20"]
[Round "1"]
[White "Flick"]
[Black "Anja"]
[WhiteElo "1600"]
[BlackElo "1670"]
[Result "1-0"]
[Round "1"]
1.d4 f5
2.Ng1f3 Ng8f6
3.c4 g6
4.Nb1c3 Bf8g7
5.g3 O-O
6.Bf1g2 d6
7.O-O c6
8.Rf1e1 Qd8e8
9.b3 e5
10.e4 fxe4
11.Nc3xe4 Nf6xe4
12.Re1xe4 Bc8f5
13.Re4h4 exd4
14.Nf3xd4 Bg7f6
15.Rh4f4 Bf6g5
16.Rf4f3 Bg5xc1
17.Qd1xc1 Bf5g4
18.Rf3xf8 Qe8xf8
19.Qc1g5 Bg4d7
20.Ra1e1 Nb8a6
21.Nd4e6 Ra8e8
22.Bg2h3 Qf8f3
23.Qg5h6 Bd7xe6
24.Bh3xe6 Kh8
25.Re1e3 Qf3f6
26.Qh6h3  { time }
1-0

[Event "Tourn. n8187"]
[Site "www.chess-mail.com"]
[Date "2015.07.20"]
[Round "1"]
[White "Flick"]
[Black "Easychess"]
[WhiteElo "1600"]
[BlackElo "1480"]
[Result "1-0"]
[Round "1"]
1.d4 d5
2.c4 c6
3.Ng1f3 Ng8f6
4.Nb1c3 dxc4
5.e4 b5
6.a3 Bc8g4
7.Bf1e2 e6
8.Bc1g5 Bf8e7
9.e5 Nf6d5
10.Bg5xe7 Qd8xe7
11.O-O O-O
12.g3 Nb8d7
13.Nc3e4 Bg4xf3
14.Be2xf3 Rf8c8
15.Qd1c2 a6
16.Ne4d6 Rc8b8
17.Rf1e1 Nd7b6
18.Nd6e4 Rb8d8
19.h4  { time }
1-0

[Event "Tourn. n8179"]
[Site "www.chess-mail.com"]
[Date "2015.07.20"]
[Round "1"]
[White "Genius7"]
[Black "Generalfree"]
[WhiteElo "1800"]
[BlackElo "1870"]
[Result "0-1"]
[Round "1"]
1.d4 e6
2.Ng1f3 b6
3.g3 Bc8b7
4.Bf1g2 d5
5.O-O c5
6.c3 c4
7.b3 b5
8.a4 a6
9.axb5 axb5
10.Ra1xa8 Bb7xa8
11.b4 f6
12.Qd1c2 f5
13.Bc1g5 Bf8e7
14.Bg5xe7 Ng8xe7
15.Nf3e5 Nb8c6
16.Ne5xc6 Ba8xc6
17.Nb1d2 O-O
18.Rf1a1 Kh8
19.Ra1a2 g6
 { time }
0-1

[Event "Tourn. n8230"]
[Site "www.chess-mail.com"]
[Date "2015.07.20"]
[Round "1"]
[White "Swampcat"]
[Black "Zazi"]
[WhiteElo "1620"]
[BlackElo "1620"]
[Result "1/2-1/2"]
[Round "1"]
1.e4 e5
2.Ng1f3 d6
3.d4 exd4
4.Nf3xd4 c5
5.Nd4b5 a6
6.Nb5c3 f6
7.Bc1f4 g5
8.Bf4g3 h5
9.h3 Qd8b6
10.b3 Bf8g7
11.Qd1xd6 Qb6b4
12.Bf1c4 f5
13.Bg3e5 Ng8f6
14.Be5xf6 Bg7xf6
15.Qd6xf6 Rh8f8
16.Qf6xg5 fxe4
17.Qg5xh5 Kd8
18.Qh5d5 Nb8d7
19.Qd5xe4 Ra8a7
20.O-O b5
21.a3 Qb4a5
22.Qe4h4 Nd7f6
23.Rf1d1 Bc8d7
24.Bc4e6 Kc8
25.Be6xd7 Nf6xd7
26.Nc3e4 b4
27.a4 Qa5c7
28.Rd1d6 Rf8e8
29.Rd6d3 Qc7e5
30.Nb1d2 Qe5xa1
31.Kh2 Re8h8
32.Qh4e7 Rh8d8
33.Ne4xc5 Qa1b2
34.Nc5xd7 Ra7xd7
35.Qe7c5 Rd7c7
36.Qc5f5 Rc7d7
37.Rd3xd7 Rd8xd7
38.Qf5c5 Kb8
39.Qc5b6 Kc8
40.Qb6xa6 Kd8
41.Qa6b6 Ke8
42.Qb6e6 Rd7e7
43.Qe6c6 Kf8
44.Qc6c8 { draw }
1/2-1/2

[Event "Tourn. n8230"]
[Site "www.chess-mail.com"]
[Date "2015.07.20"]
[Round "1"]
[White "Zazi"]
[Black "Falcoale"]
[WhiteElo "1620"]
[BlackElo "1810"]
[Result "0-1"]
[Round "1"]
1.c4 Ng8f6
2.Nb1c3 e6
3.d4 b6
4.e3 Bc8b7
5.g4 Bb7xh1
6.Ng1h3 Bh1b7
7.Bf1d3 Bf8b4
8.f3 d5
9.Nh3f4 O-O
10.Qd1b3 a5
11.a3 Bb4e7
12.cxd5 Nf6xd5
13.e4 Nd5xf4
14.Bc1xf4 Nb8c6
15.Bf4e3 e5
16.Ra1c1 exd4
17.Be3f4 dxc3
18.Rc1xc3 Ra8c8
19.e5 Nc6d4
20.Qb3d1 Nd4xf3
21.Kf2 Qd8d4
22.Kg3 Be7h4
23.Kh3 Qd4f2
24.Bd3e2 g5
25.Rc3xf3 Bb7xf3
26.Be2xf3 gxf4
27.g5 Bh4xg5
28.Qd1d3 Rf8d8
29.Qd3e4 Rd8d2
30.Kg4 Qf2h4
31.Kf5 Rd2xh2
32.e6 Rc8f8
33.Qe4c4 fxe6
34.Kxe6 Kh8
35.Bf3d5 Qh4g4
36.Ke5 Qg4f5
37.Kd4 Bg5f6

0-1

[Event "Tourn. n8230"]
[Site "www.chess-mail.com"]
[Date "2015.07.20"]
[Round "1"]
[White "Zazi"]
[Black "Anja"]
[WhiteElo "1620"]
[BlackElo "1710"]
[Result "1-0"]
[Round "1"]
1.f4 d5
2.Ng1f3 g6
3.d4 Bf8g7
4.e3 Ng8h6
5.b4 O-O
6.h4 Bc8g4
7.a4 Nb8c6
8.b5 Nc6a5
9.Bc1d2 Na5c4
10.Bf1xc4 dxc4
11.Nb1a3 Qd8d5
12.Bd2b4 Bg4xf3
13.gxf3 Nh6f5
14.e4 Qd5xd4
15.Ra1b1 Qd4xd1
16.Rb1xd1 Nf5d6
17.e5 Nd6f5
18.Na3xc4 Rf8d8
19.Nc4a5 b6
20.Na5c6 Rd8xd1
21.Kxd1 Nf5e3
22.Kd2 Ne3c4
23.Kc3 Nc4d6
24.Nc6xe7 Kh8
25.h5  { time }
1-0

[Event "Tourn. n8261"]
[Site "www.chess-mail.com"]
[Date "2015.07.20"]
[Round "1"]
[White "Azulmarino"]
[Black "Iko"]
[WhiteElo "1570"]
[BlackElo "1480"]
[Result "0-1"]
[Round "1"]
1.e4 e5
2.f3 Ng8f6
3.d3 Nb8c6
4.Bc1e3 d5
5.Be3g5 d4
6.c3 Bf8e7
7.c4 Nf6xe4
8.Bg5xe7 Ne4f2
9.Kxf2 Qd8xe7
10.Ke1 Bc8f5
11.g4 Bf5g6
12.Nb1a3 Qe7h4
13.Ke2 Nc6b4
14.Na3b5 Bg6xd3
15.Kd2 Qh4g5
16.Ke1 Qg5e3
17.Bf1e2 Nb4c2
{ resign }
0-1

[Event "Tourn. n8261"]
[Site "www.chess-mail.com"]
[Date "2015.07.20"]
[Round "1"]
[White "Azulmarino"]
[Black "Ruko"]
[WhiteElo "1570"]
[BlackElo "1680"]
[Result "0-1"]
[Round "1"]
1.e4 e5
2.d3 Ng8f6
3.f3 d5
4.c4 Bf8b4
5.Bc1d2 Bb4xd2
6.Qd1xd2 dxc4
7.Nb1c3 cxd3
8.Bf1xd3 Nb8c6
9.O-O-O O-O
10.Qd2g5 h6
11.Qg5g3 Nc6d4
12.Bd3b5 Qd8e7
13.Qg3h4 a6
14.Bb5c4 Qe7b4
15.Bc4d3 c5
16.a3 Qb4b3
17.Ng1e2 c4
18.Ne2xd4 exd4
19.Bd3c2 Qb3b6
20.e5 dxc3
21.bxc3 Nf6d7
22.Qh4xc4 Nd7xe5
23.Qc4e4 Ne5g6
24.h4 Qb6e6
25.Qe4a4 b5
26.Qa4d4 Bc8b7
27.Rd1e1 Qe6d5
28.Qd4xd5 Bb7xd5
29.Bc2xg6 fxg6
{ resign }
0-1

[Event "Tourn. n8261"]
[Site "www.chess-mail.com"]
[Date "2015.07.20"]
[Round "1"]
[White "Nugun"]
[Black "Azulmarino"]
[WhiteElo "1650"]
[BlackElo "1570"]
[Result "0-1"]
[Round "1"]
1.c4 c5
2.Nb1c3 b6
3.g3 Bc8b7
4.e4 Nb8a6
5.Bf1g2 e5
6.Qd1a4 Ng8f6
7.Ng1f3 Na6c7
8.Nf3xe5 Bf8d6
9.Ne5d3 Bb7c6
10.Qa4d1 Qd8e7
11.Qd1e2 O-O
12.Nd3f4 Rf8e8
13.d3 Bd6e5
14.Nf4d5 Nc7xd5
15.exd5 Be5xc3
16.bxc3 Qe7xe2

0-1

[Event "Tourn. n8268"]
[Site "www.chess-mail.com"]
[Date "2015.07.20"]
[Round "1"]
[White "Caspito"]
[Black "Nugun"]
[WhiteElo "1760"]
[BlackElo "1650"]
[Result "0-1"]
[Round "1"]
1.e4 b6
2.d4 c5
3.d5 Bc8b7
4.c4 Ng8f6
5.Bf1d3 e6
6.Bc1g5 d6
7.Ng1f3 exd5
8.cxd5 h6
9.Bd3b5 Nb8d7
10.Bg5xf6 Qd8xf6
11.Nb1c3 a6
12.Bb5xd7 Kxd7
13.O-O Bf8e7
14.Qd1a4 b5
15.Qa4a5 Be7d8
16.Qa5a3 c4
17.b4 a5
18.Nc3xb5 Ke7
19.e5 dxe5
20.d6 Kd7
21.Ra1c1 Bb7d5
22.Rf1e1 Bd5xf3
23.gxf3 Bd8b6
24.Rc1xc4 Rh8e8
25.Qa3a4 Qf6xf3
26.Re1f1 axb4
27.Qa4xb4 Re8e6
28.Rc4g4 Ra8xa2
29.Rg4xg7 Bb6xf2
{ resign }
0-1

[Event "Tourn. n8268"]
[Site "www.chess-mail.com"]
[Date "2015.07.20"]
[Round "1"]
[White "Caspito"]
[Black "Mitja"]
[WhiteElo "1760"]
[BlackElo "1660"]
[Result "0-1"]
[Round "1"]
1.e4 d5
2.e5 e6
3.d4 h6
4.Ng1f3 a6
5.Bf1d3 Nb8c6
6.O-O Ng8e7
7.Nb1c3 Ne7f5
8.Bd3xf5 exf5
9.b3 Bf8b4
10.Bc1b2 Bb4a5
11.a3 O-O
12.b4 Ba5b6
13.Nc3a4 Bb6a7
14.Qd1d3 Rf8e8
15.Bb2c1 Bc8e6
16.Bc1e3 Be6d7
17.c4 dxc4
18.Qd3c2 f4
19.Be3xf4 Ba7xd4
20.Ra1d1 Bd4xe5
21.Qc2xc4 Be5xf4
22.Na4c5 Bf4d6
23.Nc5xb7 Qd8b8
24.Nb7c5 Bd7e6
25.Nc5xe6 Re8xe6
26.g3 Nc6e5
27.Nf3xe5 Re6xe5
28.f4 Re5e8
29.g4 Qb8b6
30.Kg2 Qb6b7
31.Kh3 Re8e3
32.Kh4 Ra8e8
33.h3 g6
34.g5 hxg5
35.Kxg5 Bd6e7
{ resign }
0-1

[Event "Tourn. n8259"]
[Site "www.chess-mail.com"]
[Date "2015.07.20"]
[Round "1"]
[White "Derik"]
[Black "Culiflori"]
[WhiteElo "1440"]
[BlackElo "999"]
[Result "0-1"]
[Round "1"]
1.e4 e5
2.d3 Ng8f6
3.Nb1d2 d5
4.Ng1f3 Nb8c6
5.g3 Bf8c5
6.Bf1g2 Bc8g4
7.O-O O-O
8.Nd2b3 Bc5b6
 { time }
0-1

[Event "Tourn. n8232"]
[Site "www.chess-mail.com"]
[Date "2015.07.20"]
[Round "1"]
[White "Julianlore"]
[Black "Faerieking"]
[WhiteElo "2170"]
[BlackElo "2180"]
[Result "1-0"]
[Round "1"]
1.e4 e5
2.Ng1f3 f5
3.Nf3xe5 Nb8c6
4.d4 Qd8f6
5.Ne5xc6 dxc6
6.e5 Qf6f7
7.Nb1d2 Bc8e6
8.Bf1d3 O-O-O
9.Nd2b3 h6
10.c3 g5
11.f4 gxf4
12.Bc1xf4 c5
13.dxc5 Kb8
14.c6 Be6d5
15.cxb7 Bd5xb7
16.Qd1e2 Bf8g7
17.e6 Qf7f6
18.Bd3a6 Ng8e7
19.Ba6xb7 { resign }
1-0

[Event "Tourn. n8125"]
[Site "www.chess-mail.com"]
[Date "2015.07.20"]
[Round "1"]
[White "Tomasseeber"]
[Black "Faerieking"]
[WhiteElo "2210"]
[BlackElo "2130"]
[Result "0-1"]
[Round "1"]
1.Ng1f3 Ng8f6
2.h3 b6
3.c4 e6
4.Nb1c3 Bc8b7
5.d4 Bf8b4
6.Bc1g5 h6
7.Bg5h4 g5
8.Nf3xg5 hxg5
9.Bh4xg5 Rh8g8
10.h4 c5
11.a3 Bb4a5
12.Rh1h3 d5
13.cxd5 Ba5xc3
14.bxc3 Bb7xd5
15.dxc5 bxc5
16.e4 Bd5xe4
17.Bf1b5 Ke7
18.Qd1g4 Be4f5
19.Qg4f4 Rg8xg5
20.hxg5 Nf6d5
21.Qf4h4 Bf5xh3
22.g6 Nd5f6
23.Ra1d1 Qd8g8
24.gxf7 Kxf7
25.gxh3 a6
26.Qh4a4 Ra8a7
27.Rd1d6 Ra7b7
28.Qa4c4 Nf6d5
29.Rd6xd5 { time. }
0-1

[Event "Tourn. n8159"]
[Site "www.chess-mail.com"]
[Date "2015.07.20"]
[Round "1"]
[White "Easychess"]
[Black "Oliverio"]
[WhiteElo "1500"]
[BlackElo "1590"]
[Result "0-1"]
[Round "1"]
1.c4 e5
2.Nb1c3 Ng8f6
3.g3 d5
4.cxd5 Nf6xd5
5.Bf1g2 Nd5b6
6.d3 Nb8c6
7.Ng1f3 Bf8e7
8.O-O O-O
9.Bc1e3 Bc8e6
10.Nc3e4 Be6d5
11.Ne4c3 Bd5e6
12.Nc3e4 Be6d5
13.Ne4c5 Nb6d7
14.Nc5xd7 Qd8xd7
15.a3 Ra8d8
16.b4 a6
17.Ra1c1 Rf8e8
18.Be3c5 Be7d6
19.Bc5xd6 Qd7xd6
20.Rc1c5 Qd6f6
21.Qd1a1 b6
 { time }
0-1

[Event "Tourn. n8151"]
[Site "www.chess-mail.com"]
[Date "2015.07.20"]
[Round "1"]
[White "Tomasseeber"]
[Black "Seger"]
[WhiteElo "2190"]
[BlackElo "2710"]
[Result "0-1"]
[Round "1"]
1.Ng1f3 d5
2.h3 e6
3.e3 Ng8f6
4.Bf1e2 c5
5.O-O Nb8c6
6.d3 Bf8d6
7.a3 O-O
8.Nb1d2 e5
9.e4 h6
10.c3 d4
11.c4 Bc8e6
12.Nf3e1 Nc6e7
13.f4 exf4
14.Nd2f3 Ne7g6
15.Ne1c2 b6
16.Qd1e1 Nf6h5
17.Be2d1 Nh5g3
18.Rf1f2 Rf8e8
19.Nf3d2 f5
20.Bd1f3 Ng6e5
21.Bf3e2 fxe4
22.Nd2xe4 Ng3xe4
23.dxe4 d3
{ resign }
0-1

[Event "Tourn. n8278"]
[Site "www.chess-mail.com"]
[Date "2015.07.20"]
[Round "1"]
[White "Xkafi"]
[Black "Bojan"]
[WhiteElo "1960"]
[BlackElo "1890"]
[Result "0-1"]
[Round "1"]
1.e4 e5
2.Bf1c4 Ng8f6
3.Qd1f3 Nb8c6
4.c3 a6
5.d3 Nc6a5
6.Bc4d5 Nf6xd5
7.exd5 b6
8.Qf3g3 f6
9.Nb1d2 Qd8e7
10.Nd2e4 d6
11.Ng1f3 b5
12.Bc1d2 c6
13.c4 cxd5
14.cxd5 Na5b7
15.Nf3h4 f5
16.Ne4g5 f4
17.Qg3f3 Qe7xg5
18.g3 Bc8g4
19.Qf3g2 Qg5e7
20.O-O Qe7d7
21.Ra1c1 g5
22.Nh4f3 Bg4h3
23.Qg2h1 Bh3xf1
24.Kxf1 h6
25.Kg2 Qd7f7
26.g4 Nb7c5
27.d4 Nc5d7
28.dxe5 dxe5
29.Bd2c3 b4
30.Bc3d2 Qf7xd5
31.Qh1e1 a5
32.Qe1e2 Bf8c5
33.Qe2b5 Ke7
34.b3 Rh8b8
35.Qb5e2 Kf6
36.h4 e4
37.hxg5 hxg5
{ resign }
0-1

[Event "Tourn. n8280"]
[Site "www.chess-mail.com"]
[Date "2015.07.20"]
[Round "1"]
[White "A27l"]
[Black "Culiflori"]
[WhiteElo "1130"]
[BlackElo "999"]
[Result "0-1"]
[Round "1"]
1.e4 e5
2.Ng1f3 Nb8c6
3.g3 Ng8f6
4.d3 d6
5.Bf1g2 Bc8g4
6.O-O Bf8e7
7.c3 O-O
8.h3 Bg4h5
9.g4 Bh5g6
10.Bc1g5 h6
11.Bg5xf6 Be7xf6
12.Nb1d2 Rf8e8
13.b4 h5
14.Nf3h2 hxg4
15.Nh2xg4 Bf6g5
16.Nd2f3 Bg5f4
17.Nf3e1 Bg6h5
18.f3 Qd8h4
19.Rf1f2 { time. }
0-1

[Event "Tourn. n8273"]
[Site "www.chess-mail.com"]
[Date "2015.07.20"]
[Round "1"]
[White "Guidom"]
[Black "Samael"]
[WhiteElo "2070"]
[BlackElo "2160"]
[Result "1-0"]
[Round "1"]
1.e4 e5
2.Ng1f3 d6
3.Bf1c4 h6
4.O-O Ng8f6
5.d3 Bf8e7
6.c3 O-O
7.Bc1e3 Nb8c6
8.Nb1d2 Bc8d7
9.Qd1e2 a6
10.a3  { time }
1-0

[Event "Tourn. n8287"]
[Site "www.chess-mail.com"]
[Date "2015.07.20"]
[Round "1"]
[White "Nimzo"]
[Black "Manolinex"]
[WhiteElo "2720"]
[BlackElo "2700"]
[Result "0-1"]
[Round "1"]
1.Ng1f3 d5
2.c4 d4
3.b4 c5
4.e3 Ng8f6
5.Bc1b2 dxe3
6.fxe3 cxb4
7.Bf1e2 Bc8g4
8.O-O e6
9.Qd1a4 Qd8d7
10.Qa4b3 Nb8c6
11.a3 a5
 { time }
0-1

[Event "Tourn. n8287"]
[Site "www.chess-mail.com"]
[Date "2015.07.20"]
[Round "1"]
[White "Woodpusher2"]
[Black "Manolinex"]
[WhiteElo "2610"]
[BlackElo "2700"]
[Result "0-1"]
[Round "1"]
1.e4 e5
2.Ng1f3 Nb8c6
3.Bf1b5 Ng8f6
4.d3 Bf8c5
5.O-O d6
6.Bb5xc6 bxc6
7.Bc1e3 Bc5xe3
8.fxe3 O-O
9.c4 Ra8b8
10.Qd1c2 Nf6g4
11.Qc2e2 d5
12.h3 dxe4
13.dxe4 Ng4f6
14.Nb1c3 Qd8e7
15.Ra1d1 Nf6d7
16.b3 a5
17.Nf3e1 f6
18.Ne1d3 Rf8d8
19.Nc3a4 Nd7b6
20.Nd3c5 Rd8xd1
21.Rf1xd1 Nb6xa4
22.Nc5xa4 Bc8e6
23.Qe2e1 Qe7a3
 { time }
0-1

[Event "Tourn. n8308"]
[Site "www.chess-mail.com"]
[Date "2015.07.20"]
[Round "1"]
[White "Guidom"]
[Black "Silent1"]
[WhiteElo "2070"]
[BlackElo "1960"]
[Result "1-0"]
[Round "1"]
1.e4 e5
2.Ng1f3 d6
3.Bf1c4 Bf8e7
4.O-O Ng8f6
5.d3 O-O
6.Bc1g5 Nb8d7
7.c3 a6
8.a3 h6
9.Bg5h4 Nf6h7
10.Bh4xe7 Qd8xe7
11.Nb1d2 Nd7b6
12.Bc4b3 Bc8e6
13.Bb3c2 Nh7g5
14.Nf3xg5 Qe7xg5
15.Nd2f3 Qg5f6
16.h3 g5
17.Nf3h2 Qf6g6
18.d4 exd4
19.cxd4 Qg6g7
20.b3 f5
21.exf5 Be6xf5
22.Bc2xf5 Rf8xf5
23.Qd1d3 Ra8f8
24.f3 d5
25.Rf1e1 c6
26.Re1e6 Rf5f6
27.Ra1e1 Rf6xe6
28.Re1xe6 Kh8
29.Nh2g4 h5
30.Re6h6 Kg8
31.Rh6g6 { resign }
1-0

[Event "Tourn. n8308"]
[Site "www.chess-mail.com"]
[Date "2015.07.20"]
[Round "1"]
[White "Bojan"]
[Black "Guidom"]
[WhiteElo "1890"]
[BlackElo "2070"]
[Result "0-1"]
[Round "1"]
1.e4 e5
2.Ng1f3 Nb8c6
3.Bf1b5 a6
4.Bb5xc6 dxc6
5.a3 Ng8f6
6.Nb1c3 Bf8d6
7.h3 O-O
8.d4 exd4
9.Qd1xd4 Nf6d7
10.O-O Rf8e8
11.Rf1e1 Nd7e5
12.Nf3xe5 Bd6xe5
13.Qd4c4 Bc8e6
14.Qc4b4 b6
15.Nc3a4 a5
16.Qb4d2 Qd8f6
17.Ra1b1 Ra8d8
18.Qd2e2 b5
19.Na4c5 Be6c4
20.Qe2g4 Be5d4
21.Nc5d3 Bc4xd3
22.cxd3 Qf6xf2
23.Kh2 Qf2xe1
24.h4 Bd4e5
25.g3 Rd8xd3
{ resign }
0-1